000 00815nam a2200229Ia 4500
003 OSt
005 20220927104728.0
006 a|||||r|||| 00| 0
007 ta
008 220926b |||||||| |||| 00| 0 eng d
024 _a149875
037 _cReference Collections
040 _aRTL
_cRTL
_beng
041 _2eng
_aeng
082 _a"X9(H1):76-89Q1.1.N8, M4/UN"
110 _a"United Nations, International Economics and Social Affairs (De[partment of-)"
_9366920
245 0 _aPrice-forecasting techniques and their application to minerals and metals
260 _c1984
700 _a"United Nations, International Economics and Social Affairs (De[partment of-)"
_9366921
942 _h"X9(H1):76-89Q1.1.N8, M4/UN"
_cCC
999 _c688396
_d688396